Pocket essentials of clinical surgery / (Record no. 119009)
[ view plain ]
| 000 -LEADER | |
|---|---|
| fixed length control field | 00805cam a22002534a 4500 |
| 008 - FIXED-LENGTH DATA ELEMENTS--GENERAL INFORMATION | |
| fixed length control field | |
| 020 ## - INTERNATIONAL STANDARD BOOK NUMBER | |
| International Standard Book Number | 9780702026331 (pbk.) |
| 049 ## - LOCAL HOLDINGS (OCLC) | |
| Holding library | MAIN |
| 090 ## - LOCALLY ASSIGNED LC-TYPE CALL NUMBER (OCLC); LOCAL CALL NUMBER (RLIN) | |
| Classification number (OCLC) (R) ; Classification number, CALL (RLIN) (NR) | RD31.3 |
| Local cutter number (OCLC) ; Book number/undivided call number, CALL (RLIN) | FRA |
| 003 - CONTROL NUMBER IDENTIFIER | |
| control field | |
| 005 - DATE AND TIME OF LATEST TRANSACTION | |
| control field | 20230120204213.0 |
| 040 ## - CATALOGING SOURCE | |
| Transcribing agency | NUST |
| 100 1# - MAIN ENTRY--PERSONAL NAME | |
| Personal name | Franklin, Ian J. |
| 245 10 - TITLE STATEMENT | |
| Title | Pocket essentials of clinical surgery / |
| Statement of responsibility, etc. | Ian J. Franklin, Peter M. Dawson. |
| 260 ## - PUBLICATION, DISTRIBUTION, ETC. | |
| Place of publication, distribution, etc. | Edinburgh ; |
| -- | New York : |
| Name of publisher, distributor, etc. | Saunders, |
| Date of publication, distribution, etc. | c2008. |
| 300 ## - PHYSICAL DESCRIPTION | |
| Extent | xiv, 553 p. : |
| Other physical details | ill. (part col.) ; |
| Dimensions | 19 cm. |
| 500 ## - GENERAL NOTE | |
| General note | Includes index. |
| 650 #0 - SUBJECT ADDED ENTRY--TOPICAL TERM | |
| Topical term or geographic name entry element | Surgery |
| Form subdivision | Handbooks, manuals, etc. |
| 650 12 - SUBJECT ADDED ENTRY--TOPICAL TERM | |
| Topical term or geographic name entry element | Surgical Procedures, Operative |
| Form subdivision | Handbooks. |
| 650 22 - SUBJECT ADDED ENTRY--TOPICAL TERM | |
| Topical term or geographic name entry element | Clinical Medicine |
| Form subdivision | Handbooks. |
| 700 1# - ADDED ENTRY--PERSONAL NAME | |
| Personal name | Dawson, Peter M. |
| 907 ## - LOCAL DATA ELEMENT G, LDG (RLIN) | |
| a | .b10298630 |
| b | 21-09-16 |
| c | 15-06-11 |
| 942 ## - ADDED ENTRY ELEMENTS (KOHA) | |
| Koha item type | Ordinary Loan Books |
| Call number prefix | RD31.3 |
| Call number suffix | FRA |
| Date last seen | Total Checkouts | Full call number | Barcode | Cost, replacement price | Price effective from | Koha item type | Lost status | Source of classification or shelving scheme | Damaged status | Not for loan | Collection | Withdrawn status | Home library | Current library | Shelving location | Date acquired | Cost, normal purchase price |
|---|---|---|---|---|---|---|---|---|---|---|---|---|---|---|---|---|---|
| 01/20/2023 | 5 | RD31.3 FRA | 92004041558 | 80.00 | 01/20/2023 | BOOKS | lcc | NFIC | Medical | Medical | GEN | 01/20/2023 | 80.00 |